000 00429cam a22001455a 4500
001 J100807
008 000000s1914 xxk 000 0 eng u
035 _a(Sirsi) u100807
110 _aSurveyors' Institution
_93783
245 0 4 _aThe Finance (1909-1910) Act, 1910, Part 1. Reports of appeals heard by referees. Part 5 July 1914.
260 _c1914
651 4 _aUnited Kingdom
_y
690 _aFinance and taxation
942 _n0
999 _c99845
_d99845